000 00969nam a2200277Ia 4500
003 EC-GqESP
005 20251105131553.0
008 250425s9999 xx 000 0 und d
010 _a1673
020 _a9701008200
041 _aspa
082 _a621.815
_pNOR
100 _aNORTON, ROBERT L.
245 0 _aDISEÑO DE MAQUINARIA:UNA INTRODUCCIÓN A LA SÍNTESIS Y AL ANÁLISIS DE MECANISMOS Y MAQUINAS
250 _a1A ED.
260 _aMEXICO
260 _aMéxico
_bMCGRAW-HILL
_c1995
300 _a794
500 _aTítulo Traducido: DESIGN OF MACHINERY
520 _aCONTENIDO ABREVIADO:INTRODUCCION, FUNDAMENTOS DE CINEMATICA, SINTESIS GRAFICAS DE ESLABONAMIENTOS, ANALISIS DE POSICIONES, SINTESIS DE ESLABONAMIENTOS, ANALISIS DE VELOCIDAD, ANALISIS DE ACELERACION, PROGRAMAS DE COMPUTADORA, DISEÑO DE LEVAS, TRANSMISIO
650 _aCINEMATICA
650 _aDISEÑO DE MAQUINAS
650 _aENGRANAJES
650 _aLEVAS
942 _c01
999 _c193640
_d193640